A könyvelőprogramok összehasonlító elemzése

Bibliographic Details
Main Author: Busai Melinda
Other Authors: Korom Dr. Erik
Format: Thesis
Kulcsszavak:könyvelőprogramok
digitalizáció
összehasonlítás
Online Access:http://dolgozattar.uni-bge.hu/19730

MARC

LEADER 00000nta a2200000 i 4500
001 dolg19730
005 20181217113405.0
008 181217suuuu hu om 000 hun d
040 |a BGE Dolgozattár Repozitórium  |b hun 
041 |a hu 
100 1 |a Busai Melinda 
245 1 2 |a A könyvelőprogramok összehasonlító elemzése  |c Busai Melinda  |h [elektronikus dokumentum] 
695 |a könyvelőprogramok 
695 |a digitalizáció 
695 |a összehasonlítás 
700 1 |a Korom Dr. Erik  |e ths 
856 4 0 |u http://dolgozattar.uni-bge.hu/19730/1/V%C3%A9gleges%20szakdolgozat_Busai%20Melinda.pdf  |z Dokumentum-elérés